Pays vainqueurs de l'Eurovision - Statistiques

Statistiques générales
  • Ce quiz a été pris 297 fois
  • Le résultat moyen est 56 sur 62
Statistiques - réponses
Année Pays % Correct
1969 Espagne / France / Pays-Bas / Royaume-Uni
100%
1958 France
99%
1960 France
99%
1962 France
99%
1977 France
99%
1974 Suède
98%
1984 Suède
98%
1991 Suède
98%
1999 Suède
98%
2012 Suède
98%
2015 Suède
98%
1985 Norvège
97%
1995 Norvège
97%
2009 Norvège
97%
1968 Espagne
96%
2017 Portugal
96%
2006 Finlande
95%
2008 Russie
94%
1956 Suisse
94%
1988 Suisse
94%
2004 Ukraine
94%
2016 Ukraine
94%
1982 Allemagne
93%
2010 Allemagne
93%
1986 Belgique
93%
1966 Autriche
92%
2014 Autriche
92%
1964 Italie
92%
1990 Italie
92%
1957 Pays-Bas
92%
1959 Pays-Bas
92%
1975 Pays-Bas
92%
1989 Yougoslavie
92%
2005 Grèce
91%
1970 Irlande
91%
1980 Irlande
91%
1987 Irlande
91%
1992 Irlande
91%
1993 Irlande
91%
1994 Irlande
91%
1996 Irlande
91%
1963 Danemark
90%
2000 Danemark
90%
2013 Danemark
90%
1967 Royaume-Uni
89%
1976 Royaume-Uni
89%
1981 Royaume-Uni
89%
1997 Royaume-Uni
89%
1961 Luxembourg
87%
1965 Luxembourg
87%
1972 Luxembourg
87%
1973 Luxembourg
87%
1983 Luxembourg
87%
2001 Estonie
82%
2002 Lettonie
82%
2007 Serbie
78%
2003 Turquie
78%
1978 Israël
75%
1979 Israël
75%
1998 Israël
75%
1971 Monaco
66%
2011 Azerbaïdjan
59%
Aucun quiz correspondant
Distribution des résultats
% des personnes avec chaque résultat
Percentile par nombre de réponses
Votre historique - résultats
Vous n’avez pas pris ce quiz